Meranie pomocou optického snímača PhoXi 3D Scanner

Salvato in:
Dettagli Bibliografici
Autore principale: Mižišinová, Daniela (Autore)
Altri autori: Šišmišová, Dana (Relatore della tesi)
Natura: Manoscritto Libro
Lingua:slovacco
Pubblicazione: 2020
Soggetti:
Accesso online:http://is.stuba.sk/zp/portal_zp.pl?podrobnosti=150975
Tags: Aggiungi Tag
Nessun Tag, puoi essere il primo ad aggiungerne!!

MARC

LEADER 00000ntm a22000003a 4500
001 stuzp80411
003 SK-STU
005 20200711211025.2
007 ta
008 150427s2015----xo-----f-mn---000-0-slo-d
040 |a STU  |b slo 
041 0 |a slo 
100 1 |a Mižišinová, Daniela  |u 020020  |k Z4  |4 aut  |U SjF Strojnícka fakulta  |T SjF Ústav automatizácie, merania a aplikovanej informatiky  |X 81359  |U J0020  |Y 802  |7 81359 
242 0 1 |a Measurement using an optical sensor PhoXi 3D scanner  |y eng 
245 1 0 |a Meranie pomocou optického snímača PhoXi 3D Scanner 
260 |c 2020 
650 4 |a Vision systems  |2 eng 
650 4 |a PhoXi 3D scanner  |2 eng 
650 4 |a measurment  |2 eng 
650 4 |a Vision systém  |2 slo 
650 4 |a meranie  |2 slo 
650 4 |a PhoXi 3D skener  |2 slo 
700 1 |a Šišmišová, Dana  |u 020020  |k Z2  |4 ths  |U SjF Strojnícka fakulta  |T SjF Ústav automatizácie, merania a aplikovanej informatiky  |X 14613  |U J0020  |Y 802  |7 A000014613 
856 4 |u http://is.stuba.sk/zp/portal_zp.pl?podrobnosti=150975 
996 |b 284J046436  |c J* 3226/DDP  |l JJSK  |s A  |a 24  |w stuzp80411_0001